Southville International School and Colleges
Your cart is empty.
  • Cart
  • Lists
    Public lists Eva Luna New books Lux_list list_1
    Your lists Log in to create your own lists
  • Log in to your account
  • Your cookies
  • Search history
Southville International School and Colleges
  • Advanced search
  • Recent comments
  • Most popular
  • Libraries

Log in to your account

Log in with GOOGLE


If you do not have an external account, but do have a local account, you can still log in:

  1. Home
  2. MARC view: Autism spectrum disorders:
Normal view MARC view ISBD view

Autism spectrum disorders: (Record no. 288011)

[ view plain ]
MARC details
000 -LEADER
fixed length control field 00635nam a2200169Ia 4500
008 - FIXED-LENGTH DATA ELEMENTS--GENERAL INFORMATION
fixed length control field 150610s9999 xx 000 0 und d
020 ## - INTERNATIONAL STANDARD BOOK NUMBER
International Standard Book Number 0 399530479
050 ## - LIBRARY OF CONGRESS CALL NUMBER
Classification number RC553
Item number .A88S566 2004
100 ## - MAIN ENTRY--PERSONAL NAME
Personal name Sicile-Kira, Chantal
245 ## - TITLE STATEMENT
Title Autism spectrum disorders:
Remainder of title the complete guide to understanding autism, Asperger's syndrome, pervasive developmental disorder, and other ASDs /
Statement of responsibility, etc Chantal Sicile-Kira.
260 ## - PUBLICATION, DISTRIBUTION, ETC. (IMPRINT)
Place of publication, distribution, etc New York :
Name of publisher, distributor, etc Perigee Book,
Date of publication, distribution, etc 2004.
300 ## - PHYSICAL DESCRIPTION
Extent 360pages ;
Dimensions 23 cm.
520 ## - SUMMARY, ETC.
Summary, etc Autism
650 ## - SUBJECT ADDED ENTRY--TOPICAL TERM
Topical term or geographic name as entry element Popular works.
650 ## - SUBJECT ADDED ENTRY--TOPICAL TERM
Topical term or geographic name as entry element Popular works.
General subdivision Asperger's syndrome
650 ## - SUBJECT ADDED ENTRY--TOPICAL TERM
Topical term or geographic name as entry element Popular works.
General subdivision Autism in children
Holdings
Withdrawn status Lost status Damaged status Home library Current library Shelving location Date acquired Total Checkouts Full call number Barcode Date last seen Price effective from Koha item type
      Stonyhurst Southville International School (Batangas) Stonyhurst Southville International School (Batangas) High School Section 06/10/2015   RC553 .A88S566 2004 US-1259 06/10/2015   Books

Autism spectrum disorders:

APA

Sicile-Kira C., . (2004). Autism spectrum disorders. New York: Perigee Book.

Chicago

Sicile-Kira Chantal, . 2004. Autism spectrum disorders. New York: Perigee Book.

Harvard

Sicile-Kira C., . (2004). Autism spectrum disorders. New York: Perigee Book.

MLA

Sicile-Kira Chantal, . Autism spectrum disorders. New York: Perigee Book. 2004.

  • Place hold
  • Print
  • Cite
  • Add to your cart (remove)
  • Save record
    BIBTEX Dublin Core MARCXML MARC (non-Unicode/MARC-8) MARC (Unicode/UTF-8) MARC (Unicode/UTF-8, Standard) MODS (XML) RIS
  • More searches
    Search for this title in:
    Other Libraries (WorldCat) Other Databases (Google Scholar) Online Stores (Bookfinder.com) Open Library (openlibrary.org)

Exporting to Dublin Core...

SOUTHVILLE LIBRARY

Southville International School and Colleges Library

1281 Tropical Ave. Cor. Luxembourg St., BF Homes International, Las Pinas City

Tel. No. 8256374 / 252358 Loc. 117/146

Powered by Koha